| 000 | 00404nam a2200157Ia 4500 | ||
|---|---|---|---|
| 008 | 140121t2012 xxu||||| |||| 00| 0 sin d | ||
| 041 | _asin | ||
| 080 |
_aX8S3 WIJ ( You _bh ) |
||
| 245 | _aමිහිරිගේ ලෝකය | ||
| 246 | _aMihirige Lokaya | ||
| 260 |
_aWijesuriya _aBoralla _c2012 |
||
| 300 | _b72p, 21 cm | ||
| 942 | _cBK | ||
| 999 |
_c43785 _d43785 |
||
| 003 | LK-CoDNM | ||
| 040 |
_aLK-CoDNM _dLK-CoDNM _eLK-CoDNM |
||